000 02124nam0a2200433 4500
001 RU\NLR\BIBL_A\010856061
005 20250624192526.0
010 _a978-5-9765-2231-2
_bФлинта
010 _a978-5-02-038884-0
_bНаука
_9300
021 _aRU
_b2016-52163
_93330
021 _aRU
_b2015-66242
_93961
035 _a(NILC)RuMoRGB-008009058
035 _a(NLR Aleph) 010856061
090 _a10397080
_c10397080
100 _a20151006d2016 |||y0rusy50 ca
101 0 _arus
102 _aRU
105 _ay|||j|||000yy
200 1 _aПсихология самопознания и саморазвития
_eучебник
_eдля [студенотв высших педагогических учебных заведений], обучающихся по направлению подготовки 050400 Психолого-педагогическое образование
_fС. А. Минюрова
210 _aМосква
_cФлинта
_cНаука
_d2016
_d[т.е. 2015]
215 _a474, [2] с.
_cил., табл.
_d22
225 1 _aБиблиотека психолога
300 _aНа обороте тит. л. авт.: д.психол.н., проф. С.А. Минюрова
300 _aФактическая дата выхода в свет - 2015 г.
320 _aБиблиогр.: с. 471-475
606 1 _aЛичность
_jУчебники для высших учебных заведений
_xСамопознание
_91146333
_3RU\NLR\AUTH\66456975
606 1 _aЛичность
_jУчебники для высших учебных заведений
_xСаморазвитие
_91532924
_3RU\NLR\AUTH\66667698
610 0 _aпсихология сапознания
610 0 _aпсихология саморазвития
675 _a159.9
686 1 _aЮ937.231я73
686 1 _aЮ216.22я73
686 1 _aЮ937.234я73
700 1 _aМинюрова
_bС. А.
_gСветлана Алигарьевна
801 0 _aRU
_bРГБ
_c20150831
_gRCR
942 _cBOOK
980 _aNB